Smallest US Cities with a Cathedral - Statistics

General Stats
  • This quiz has been taken 15 times
  • The average score is 6 of 19
Answer Stats
Population City % Correct
4,286 Gaylord
63%
7,482 Crookston
50%
20,629 Marquette
38%
14,120 New Ulm
38%
8,657 Ogdensburg
38%
14,329 St. Augustine
38%
10,099 Baker City
25%
27,788 Dodge City
25%
14,976 Greensburg
25%
15,049 Metuchen
25%
26,016 Rockville Centre
25%
18,161 Steubenville
25%
26,751 Superior
25%
25,463 Venice
25%
27,062 Wheeling
25%
25,948 Winona
25%
21,899 Gallup
13%
18,411 Johnstown
13%
15,948 Thibodaux
13%
No matching quizzes found
Score Distribution
Percent of People with Each Score
Percentile by Number Answered
Your Score History
You have not taken this quiz